Gaming Quiz

Random Gaming Quiz

Monster Hunter Accepted Best Weapon Class for Monsters Quiz Stats

Quiz not verified by Sporcle

Challenge
Share
Tweet
Embed
Score 0/18 Timer 02:00
0 Plays Today
Monster Weapon % Correct
????
100%
????
89%
????
78.1%
????
71.3%
????
61%
????
56.8%
????
47.4%
????
37.4%
????
33.9%
Monster Weapon % Correct
????
30.3%
????
28.4%
????
26.8%
????
21.6%
????
12.3%
????
11.3%
????
11%
????
9.7%
????
9%

You're not logged in!

Compare scores with friends on all Sporcle quizzes.
Join for Free
OR
Log In

You Might Also Like...

Show Comments

Extras

Top Quizzes Today


Score Distribution

Your Account Isn't Verified!

In order to create a playlist on Sporcle, you need to verify the email address you used during registration. Go to your Sporcle Settings to finish the process.

Report this User

Report this user for behavior that violates our Community Guidelines.

Details: